000 00449nam a2200181Ia 4500
001 1606
005 20260306143740.0
008 260306t2014||||xx |||||||||||||| ||spa||
041 _aESP
082 _a152.46
_bB34
100 _aBeck, Aaron T.
_eAUT
245 0 _aTrastornos de ansiedad y fobias:
_buna perspectiva cognitiva
260 _c2014
300 _a493 páginas :
_c21 cm.
650 _aGEN
654 _aCPS
942 _cLIB
_dJUS
_fJUS
_2ddc
_n
999 _c1606
_d1606